Trabajo agrario o rural (Registro nro. 18459)

Detalles MARC
000 -LEADER
fixed length control field 00300 a2200109 4500
001 - CONTROL NUMBER
control field ART_37925
005 - DATE AND TIME OF LATEST TRANSACTION
control field 20260410161738.0
008 - FIXED-LENGTH DATA ELEMENTS--GENERAL INFORMATION
fixed length control field 260409a
100 1# - MAIN ENTRY--PERSONAL NAME
Personal name Nápoli, Rodolfo A.
245 10 - TITLE STATEMENT
Title Trabajo agrario o rural
773 0# - HOST ITEM ENTRY
Title Doctrina laboral
Related parts - Nº 368 (abr. 2016)
Record control number REV4049

No hay ítems disponibles.